000 00358nam a22001337a 4500
020 _a9781444936421
040 _cNUST
082 _a823
_bBLY
100 _aBlyton, Enid
_911689
110 _aSoper, Eileen A
_981941
245 _aFive Go Down To The Sea The Famous Five 12
260 _aLondon:
_bHodder Childrens Books Hachette,
_c1997.
942 _2ddc
_cBK
999 _c586438
_d586438